History Quiz

Random History or Decade Quiz

American History: 1970s Quiz Stats

 Plays Quiz Updated Oct 18, 2015

Challenge
Share
Tweet
Embed
Score 0/20 Timer 05:00
1 Play Today
Hint Answer % Correct
Nixon resigns in the aftermath of a break-in at this office complexWatergate
97.7%
The first two films in this Francis Ford Coppola mafia masterpiece trilogy are releasedThe Godfather
93.5%
This tech company is founded, though Windows has yet to be introducedMicrosoft
93.5%
This dance music genre is celebrated in movies such as 'Saturday Night Fever'Disco
89%
This popular table tennis video game is released by AtariPong
88.4%
This landmark Supreme Court case rules that women have the right to abortionsRoe v. Wade
87.9%
The 26th Amendment lowers the required age to do thisVote
87.8%
A hostage crisis begins in this nation when armed Muslim students occupy the U.S. Embassy in a display of defiance against Western influenceIran
86.4%
This television program debuts, featuring bouts between Archie Bunker and his son-in-law, 'Meathead'All in the Family
74.8%
Billy Joel pens this hit ballad that would also appropriately become the name of his second studio albumPiano Man
74.3%
Hint Answer % Correct
A nuclear accident occurs at this plant located near Harrisburg, PAThree Mile Island
68.7%
Babe Ruth's legendary home run record is broken by this manHank Aaron
67.7%
This environmental activism group is founded, whose first mission is to stop U.S. nuclear weapons testing on the island of AmchitkaGreenpeace
65.7%
Nixon signs this law to federally regulate workplace safetyOccupational Safety and Health Act
57.5%
This game show featuring contestants solving hangman-style word puzzles debuts, hosted by Chuck WooleryWheel of Fortune
55.8%
The Arab-Israeli agreements facilitated by Jimmy Carter were given this nameCamp David Accords
55.1%
U.S. aid to Israel during the Yom Kippur War prompts Arab nations to proclaim an embargo, leading to this crisis1973 Oil Crisis
54.4%
This 'Blitzkrieg Bop' band, a pioneer in the punk music genre, was formedThe Ramones
48.4%
U.S. involvement in the Vietnam War ends with the signing of this documentParis Peace Accords
14.3%
This was the name of the first spacecraft landed by NASA on MarsViking 1
12.5%

You're not logged in!

Compare scores with friends on all Sporcle quizzes.
Join for Free
OR
Log In

You Might Also Like...

Show Comments

Extras

Top Quizzes Today


Score Distribution

Your Account Isn't Verified!

In order to create a playlist on Sporcle, you need to verify the email address you used during registration. Go to your Sporcle Settings to finish the process.

Report this User

Report this user for behavior that violates our Community Guidelines.

Details: